| 000 | 00763nam a2200253Ia 4500 | ||
|---|---|---|---|
| 003 | OSt | ||
| 005 | 20220912151226.0 | ||
| 006 | a|||||r|||| 00| 0 | ||
| 007 | ta | ||
| 008 | 220909b |||||||| |||| 00| 0 eng d | ||
| 024 | _a24074 | ||
| 037 | _cTextual | ||
| 040 |
_aCSL _beng _cCSL |
||
| 041 | _aeng | ||
| 082 | _aB44p1,N80, M1 | ||
| 100 | _aRao S B Ed. | ||
| 111 | _asymposium on combinatorics and graph theory (Febu-25-2 : Calcutta Indain statitical institute) | ||
| 245 | 0 | _aProceeding on Combinatorics and graph theory | |
| 260 |
_aBerlin _bSpringer-Verlag _c1981 |
||
| 300 |
_avii, 500p. _ccm. |
||
| 490 | _aLecture Notes in Mathematics; 885 | ||
| 942 |
_hB44p1,N80, M1 _cTEXL _2CC |
||
| 999 |
_c63967 _d63967 |
||